000 00578nam a2200205 4500
001 135861
003 ES-MaACL
005 20250710062732.0
007 t|
008 070214s1958 fr r ||||1| fre d
100 1 _aRousseau, Pierre.
_9100061
245 1 2 _aL'astronomie sans télescope /
_cPierre Rousseau.
250 _a8ª. ed.
260 _aParis :
_bPresses Universitaires de France,
_c1958.
300 _a127 p. ;
_c18 cm.
490 1 _aQue sais-je? ;
_v13
830 0 0 _aQue sais-je?
_v13
_9180931
852 _aES-MaACL
_jC-15576
_bR.43401
999 _c135861
_d135861